Star Wars Extreme Trivia - Statistics

General Stats
  • This quiz has been taken 6 times
  • The average score is 16 of 30
Answer Stats
Hint Answer % Correct
How old is Grogu when we first meet him? Fifty
100%
What was Luke Skywalker's original name? Luke Starkiller
100%
How many Knights of Ren are there excluding Kylo? Six
100%
Who is the first character to ignite their lightsaber in Andor? There are none.
100%
What forbidden lightsaber form involved turning on and off your lightsaber while fighting? Trakata
100%
What battalion did Ahsoka lead during the Siege of Mandalore? 332nd Company
80%
What species stole the plans to the Death Star? Bothans
80%
What planet is Mon Mothma senator of? Chandrila
80%
What is the name of the Jedi killed by Jango Fett in the arena in AOTC? Coleman Trebor
80%
Who was the clone who killed Jedi Master Stass Allee? Commander Neyo
80%
What is the official name of the Star Wars scream? Wilhelm Scream
80%
In legends, who did the Mother of Mortis become? Abeloth
60%
What planet does Cassian Andor live on? Ferrix
60%
What is the canon name of Boba Fett's ship after the rename? Firespray
60%
In what country were the Lars family home scenes shot in for ANH Tunisia
60%
What colonies region planet saw some of the most brutal fighting of the Clone Wars, continuing all the way through ROTS? Cato Neimoidia
40%
Name one of the two masters of Mace Windu. Cyslin Myr or T'ra Saa
40%
Who was the master of Darth Plagueis? Darth Tenebrous
40%
Who was the apprentice of Darth Bane? Darth Zannah
40%
What is the Jedi version of Force Lightning called? Force Judgement
40%
What is the name of the brother of Count Dooku? Ramil
40%
What battle ended the Jedi-Sith War? Battle of Ruusan
20%
What is the name of episode one of the Star Wars Family Guy special? Blue Harvest
20%
What Star Wars actor is the real-world uncle of Ewan McGregor (Obi-Wan Kenobi)? Dennis Lawson
20%
What species is Shu Mai on the Separatist Council? Gossam
20%
One what planet does Anakin claim angels come from in TPM? Iego
20%
What was the CIS holonet called? Shadowfeed
20%
]How many food portions does Unkar Plutt offer Rey for BB-8? Sixty
20%
What is the name of the band playing in Jabba's Palace in ROTJ? The Max Rebo Band
20%
What species is Ben Quadinaros? Toong
20%
No matching quizzes found
Score Distribution
Percent of People with Each Score
Percentile by Number Answered
Your Score History
You have not taken this quiz